000 00665nam a2200205 a 4500
003 AM-YeHGA
040 _aAM-YeHGA
090 _c93585
001 000256156
005 20250618071723.0
008 030822s1926 ai 000 | arm d
041 0 _aarm
100 1 _aԱրազի, Մովսես,
_d1878-1964
_9972
245 1 0 _aՊատմվածքներ /
_cԱրազի.
260 _aՅերևան :
_bՊետհրատ,
_c1926.
300 _a227 էջ ;
_c22 սմ.
505 0 _aԲովանդ.՝ Արևը; Կիսատ տունը; Վիրավոր թռչունը; Մեծ փականքը ...
650 1 4 _aՀայ գրականություն
_xՊատմվածք
942 _2udc
_cBK
999 _c92286
_d92286